| 000 | 00937nam a22001937a 4500 | ||
|---|---|---|---|
| 999 |
_c64081 _d64081 |
||
| 003 | Ge_BSU | ||
| 005 | 20260325120801.0 | ||
| 008 | 260325s1973 ge ||||| |||| 00| 0 geo d | ||
| 041 | _ageo | ||
| 080 | _a330.1(479.22)(092) ბ-32 | ||
| 100 |
_aბაქრაძე, გიორგი _926028 |
||
| 245 |
_aგამოჩენილი მეცნიერი და საზოგადო მოღვაწე : _b(ი. მიქელაძის დაბადების 70 წლისთავის გამო) / _cგიორგი ბაქრაძე. |
||
| 264 |
_aთბილისი : _b თბილ. უნ-ტის გამ-ბა, _c1973. |
||
| 300 |
_a29 გვ.; _b 22 სმ. |
||
| 504 | _aბიბლიოგრ.: გვ. 24-29. | ||
| 653 | _aმიქელაძე ირაკლი | ||
| 653 | _aქართველი ეკონომისტები | ||
| 942 |
_2udc _cᲬᲘᲒᲜᲘ |
||